000 00337nam a2200157Ia 4500
003 0STCL
008 150530s9999 xx 000 0 und d
040 _aSTCL
_cSTCL
100 _aChamberlain, C.J.
245 _aLiving Cycads
260 _c1965
546 _aEnglish
942 _2ddc
_cBK
999 _c36997
_d36997
005 20220125170412.0